00677nam a2200205 a 450000100060000000300080000600500170001400800410003102000150007203500190008704000320010604100080013808200220014610000210016824501290018926000480031830000330036650400500039965000220044957688BD-RjUL20211209080537.0161211s1978 nyua b 001 0 eng d a0195023943 a(BD-RjUL)57812 aDLCcDLCdEQOdBD-RjULbeng aeng a302223bPES 19781 aPenner, Louis A.10aSocial psychology :ba contemporary approach /cLouis A. Penner ; in collaboration with Stephen L. Cohen and Beth C. Stearns aNew York :bOxford University Press,c1978. axi, 388 p. :bill. ;c24 cm. aIncludes index and bibliographical references 0aSocial psychology